ბათუმის შოთა რუსთაველის სახელმწიფო უნივერსიტეტის ბიბლიოთეკა

გაბნეული საფლავები (ბიბ.ჩანაწერი № 50455)

000 -LEADER
fixed length control field 00910nam a2200217Ia 4500
001 - CONTROL NUMBER
control field 17401
003 - CONTROL NUMBER IDENTIFIER
control field GE_BSU
008 - FIXED-LENGTH DATA ELEMENTS--GENERAL INFORMATION
fixed length control field 181216s||||||||xx |||||||||||||| ||und||
040 ## - CATALOGING SOURCE
Transcribing agency GE_BSU
080 ## - UNIVERSAL DECIMAL CLASSIFICATION NUMBER
Universal Decimal Classification number 325.2(=353.1) + 821.353.1.092
100 ## - MAIN ENTRY--PERSONAL NAME
Personal name პაპავა,თამარ
245 ## - TITLE STATEMENT
Title გაბნეული საფლავები
245 ## - TITLE STATEMENT
Remainder of title დოკუმ.მასალა ქართვ.ემიგრანტ მწერლებზე
245 ## - TITLE STATEMENT
Statement of responsibility, etc. შეადგინა და წინასიტყვ.დაუთო გურამ შარაძემ;რედ.:ი. ანთელავა.
260 ## - PUBLICATION, DISTRIBUTION, ETC.
Place of publication, distribution, etc. თბილისი
260 ## - PUBLICATION, DISTRIBUTION, ETC.
Name of publisher, distributor, etc. მეცნიერება
260 ## - PUBLICATION, DISTRIBUTION, ETC.
Date of publication, distribution, etc. 1990
300 ## - PHYSICAL DESCRIPTION
Extent 126გვ. ; 20სმ.
653 ## - INDEX TERM--UNCONTROLLED
Uncontrolled term დოკუმ.მასალა ქართვ.ემიგრანტ მწერლებზე
942 ## - ADDED ENTRY ELEMENTS (KOHA)
Koha item type წიგნი
ეგზემპლარები
Withdrawn status Lost status Damaged status Not for loan Date acquired Barcode Date last seen Price effective from Koha item type Public note
        2018-12-17 41425 2018-12-17 2018-12-17 წიგნი აგრარული ტექ.ფაკ.
        2018-12-17 41426 2018-12-17 2018-12-17 წიგნი აგრარული ტექ.ფაკ.